| 000 | 01052nam a2200277 i 4500 | ||
|---|---|---|---|
| 003 | IT-RoINE | ||
| 005 | 20170710093045.0 | ||
| 008 | 140707s2013 it r 1 | ita d | ||
| 020 | _a9788822262981 | ||
| 040 |
_aFTG _cIT-RoINE _dIT-RoINE |
||
| 100 | 1 |
_aGigliotti, Valerio _936579 |
|
| 245 | 1 | 3 |
_aLa tiara deposta : _bla rinuncia al papato nella storia del diritto e della Chiesa / _cValerio Gigliotti ; premessa di Carlo Ossola. |
| 260 |
_aFirenze : _bLeo S. Olschki, _c2013. |
||
| 300 |
_aXL, 468 p. ; _c24 cm. |
||
| 336 |
_2rdacontent _atext |
||
| 337 |
_2rdamedia _aunmediated |
||
| 338 |
_2rdacarrier _avolume |
||
| 490 | 1 |
_aBiblioteca della Rivista di storia e letteratura religiosa. _aStudi ; _v29 |
|
| 500 | _aIncluye índice. | ||
| 504 | _a"Fonti": p. 441-450. | ||
| 610 | 4 |
_92349 _aIglesia Católica _xGobierno |
|
| 650 | 4 |
_aPapas _xRenuncia _xDerecho canónico _xHistoria _936580 |
|
| 700 | 1 |
_aOssola, Carlo, _d1946- _936581 |
|
| 830 | 0 |
_aBiblioteca della Rivista di storia e letteratura religiosa. _pStudi ; _936582 _v29 |
|
| 942 | _cMTS | ||
| 999 |
_c18353 _d18353 |
||